America since 1945 : the American moment (Record no. 367011)

MARC details
000 -LEADER
fixed length control field 00695nam a2200217Ia 4500
008 - FIXED-LENGTH DATA ELEMENTS--GENERAL INFORMATION
fixed length control field 191130s2005##################000#0#eng##
020 ## - INTERNATIONAL STANDARD BOOK NUMBER
ISBN 9781403948311
082 ## - DEWEY DECIMAL CLASSIFICATION NUMBER
Classification number 973 LEV
100 ## - MAIN ENTRY--AUTHOR NAME
Personal name Levine, Paul
245 ## - TITLE STATEMENT
Title America since 1945 : the American moment
Statement of responsibility, etc Paul Levine & Harry Papasotiriou
260 ## - PUBLICATION, DISTRIBUTION, ETC. (IMPRINT)
Place of publication New York
Name of publisher Palgrave Macmillan
Year of publication 2005
300 ## - PHYSICAL DESCRIPTION
Number of Pages x, 292 p. : ill., maps ; 24 cm
500 ## - GENERAL NOTE
General note Includes bibliographical references and index
650 ## - SUBJECT ADDED ENTRY--TOPICAL TERM
Topical Term United States - History - 1945- - Textbooks
700 ## - ADDED ENTRY--PERSONAL NAME
Personal name Papasōtēriou, Charalampos
991 ## -
-- 283570
Holdings
Withdrawn status Lost status Damaged status Not for loan Home library Current library Shelving location Date acquired Full call number Accession Number Price effective from Koha item type
        Anna Centenary Library Anna Centenary Library 7TH FLOOR, B WING 17.10.2020 973 LEV 306084 17.10.2020 English Books

Find us on the map